000 00516pab a2200181 454500
008 180718b1997 xxu||||| |||| 00| 0 eng d
100 _aDutta Roy, Debulal
245 _aAssessing the health of a hospital - a process state approach
260 _c1997
300 _ap.5-12
362 _aJan
650 _aHospitals - India - West Bengal
650 _aHealth services - India - West Bengal
650 _aHealth services
700 _aGhose, Malati
773 _aManagement and Labour Studies
909 _a33574
999 _c33574
_d33574